Energetická výťažnosť unikavých mastných kyselín v bachore prežúvavcov

Bibliographic Details
Main Authors: Baran, M. (Author), Holeva, Ľ. (Author), Váradyová, Z. (Author), Kravtsiv, R. J. (Author), Kalachnuyk, G. I. (Author)
Format: Article
Language:Slovak
ISSN:1335-0099
Subjects:

MARC

LEADER 00000nab a2200000 a 4500
001 vtls008690200
003 SK-MaSNL
005 20260305034845.0
008 250505c2005 xo |||||||||||000 b|slo
015 |a SNBRB2006/04  |2 snkbucl 
035 |a (uuid)409865f8-a7cc-4b97-a084-f0e3c3a73bc4 
035 |a urn:nbn:sk:snk-abwyo 
035 |a (urnnbn)urn:nbn:sk:snk:ar-a03t70 
038 |a SNKBUCL 
040 |a SNKBUCL  |b slo  |c SNKBUCL  |e AACR2 
041 0 |a slo  |b eng  |b slo 
044 |a xo  |c SK 
080 |a 591.132  |2 1997 
080 |a 612.39.019  |2 1997 
080 |a 636.2/.3  |2 1997 
080 |a 577.12:577.23  |2 1997 
245 0 0 |a Energetická výťažnosť unikavých mastných kyselín v bachore prežúvavcov  |c M. Baran ... [et al.] 
546 |a Res. angl., slov. 
650 0 7 |a hospodárske zvieratá  |2 snkbucl  |9 1097 
650 0 7 |a prežúvavce  |2 snkbucl  |9 17673 
650 0 7 |a bachor  |2 snkbucl  |9 430330 
650 0 7 |a fermentácia  |2 snkbucl  |9 14979 
650 0 7 |a mastné kyseliny  |2 snkbucl  |9 74102 
650 0 7 |a amoniak  |2 snkbucl  |9 18228 
650 0 7 |a energetický metabolizmus  |2 snkbucl  |9 85476 
700 1 |a Baran, M.  |4 aut  |9 384620 
700 1 |a Holeva, Ľ.  |4 aut  |9 1427449 
700 1 |a Váradyová, Z.  |4 aut  |9 822421 
700 1 |a Kravtsiv, R. J.  |4 aut  |9 1477848 
700 1 |a Kalachnuyk, G. I.  |4 aut  |9 1616846 
773 0 |t Slovenský veterinársky časopis = Slovak veterinary journal  |g Roč. XXX, č. 6 (2005), s. 371-372  |x 1335-0099 
850 |a Slovenská národná knižnica 
852 |a Slovenská národná knižnica 
954 |a odborná, vedecká literatúra pôvodná (slovenská)  |2 lita 
954 |a odborná, vedecká literatúra cudzojazyčná (svetová)  |2 lita 
958 |a article27 
958 |a OND 
958 |a EUIPO 
999 |c 3331007  |d 3332937